000 00326nam a2200145Ia 4500
005 20251222140036.0
008 251222s1900||||xx |||||||||||||| ||spa||
020 _a84-254-1354-0
082 _a108/P54/Ej.2
100 _aPieper, Josef
245 0 _aEl fin del Tiempo:
250 _a2a.ed.
264 _bHerder
942 _cLIB
999 _c3110
_d3110